000 00618nam a2200205Ia 4500
008 240729s9999 xx 000 0 und d
022 _a2666-6936
245 0 _aCardiovascular Digital Health Journal
260 _aUnited States
260 _bElsevier
650 _a Diseases of the circulatory (Cardiovascular) system | Medicine
650 _a Internal medicine
650 _a Medical technology
650 _a Medicine (General)
650 _a Specialties of internal medicine
650 _aMedicine
856 _uhttps://doaj.org/toc/0a00f0b500ef437daf53fee0f549c066
942 _2ddc
942 _cDOAJEJ
999 _c72191
_d72191
945 _a1
_bMadushi Gamage
_c1
_dMadushi Gamage